Name a Valid Country - Statistics

General Stats
  • This quiz has been taken 72 times
    60 since last reset
  • The average score is 16 of 20
Answer Stats
Name a country... Answer % Correct
with more than 100 million people and in Africa D. R. Congo | Egypt | Ethiopia | Nigeria
98%
that has won a men's Football European Championship (still existing) Germany | Netherlands | Denmark | France | Greece | Italy | Spain | Portugal
98%
whose flag is at least ⅔ green Bangladesh | Brazil | Nigeria | Pakistan | Saudi Arabia | Turkmenistan | Zambia
96%
with territory in at least 5 of the 6 inhabited continents France | United Kingdom
93%
whose name starts with a first letter that no other country's name does Oman | Qatar | Yemen
93%
that borders Andorra Spain | France
91%
that has more sheep than people New Zealand | Australia | Mongolia | Uruguay | Iceland
89%
larger in area, but smaller in population than Algeria Australia | Canada | Kazakhstan
87%
with a Q in its name, other than Qatar Iraq | Equatorial Guinea | Mozambique
87%
with more than 80 million people, but no McDonald's Bangladesh | D. R. Congo | Ethiopia | Iran | Nigeria | Russia
85%
that has recorded a temperature of at least 52 °C (reliable records only) Iran | Iraq | Kuwait | Mexico | Pakistan | Saudi Arabia | United States
85%
that hunts whales Canada | Denmark | Iceland | Japan | Norway |Russia | South Korea | United States | St Vincent and the Grenadines
83%
in the Americas that doesn't border the Atlantic Bolivia | Ecuador | El Salvador | Paraguay | Peru
80%
whose regions are known as "oblasts" Belarus | Bulgaria | Kazakhstan | Kyrgyzstan | Russia | Ukraine
72%
that produces over 2,000 tons of silver annually China | Mexico | Peru
72%
that is a monarchy, and in Africa Eswatini | Lesotho | Morocco
70%
that is part of the Lesser Antilles Antigua and Barbuda | Barbados | Dominica | Grenada | St. Kitts and Nevis | St. Lucia | St. Vincent and the Grenadines | Trinidad and Tobago
61%
whose capital has an elevation over 2000 m Bhutan | Bolivia | Colombia | Ecuador | Eritrea | Ethiopia | Mexico | Yemen
61%
whose official capital city has changed since 1991 Burundi | Kazakhstan | Myanmar | Nigeria | Palau | Tanzania
50%
that has less than 1% unemployed people Qatar | Cambodia | Niger | Thailand | Bahrain | Rwanda
37%
No matching quizzes found
Score Distribution
Percent of People with Each Score
Percentile by Number Answered
Your Score History
You have not taken this quiz since the last reset